ბათუმის შოთა რუსთაველის სახელმწიფო უნივერსიტეტის ბიბლიოთეკა

ხმა მესმა (ბიბ.ჩანაწერი № 41394)

000 -LEADER
fixed length control field 00593nam a2200217Ia 4500
001 - CONTROL NUMBER
control field 8056
003 - CONTROL NUMBER IDENTIFIER
control field GE_BSU
008 - FIXED-LENGTH DATA ELEMENTS--GENERAL INFORMATION
fixed length control field 181216s||||||||xx |||||||||||||| ||und||
020 ## - INTERNATIONAL STANDARD BOOK NUMBER
International Standard Book Number 9789941926976
040 ## - CATALOGING SOURCE
Transcribing agency GE_BSU
080 ## - UNIVERSAL DECIMAL CLASSIFICATION NUMBER
Universal Decimal Classification number 821.353.1-1
100 ## - MAIN ENTRY--PERSONAL NAME
Personal name გონაშვილი,მაყვალა
245 ## - TITLE STATEMENT
Title ხმა მესმა
245 ## - TITLE STATEMENT
Statement of responsibility, etc. რედ.მანანა გორგიშვილი
260 ## - PUBLICATION, DISTRIBUTION, ETC.
Place of publication, distribution, etc. თბილისი
260 ## - PUBLICATION, DISTRIBUTION, ETC.
Name of publisher, distributor, etc. მერანი
260 ## - PUBLICATION, DISTRIBUTION, ETC.
Date of publication, distribution, etc. 2012
300 ## - PHYSICAL DESCRIPTION
Extent 198გვ.17სმ.
653 ## - INDEX TERM--UNCONTROLLED
Uncontrolled term პოეზია
942 ## - ADDED ENTRY ELEMENTS (KOHA)
Koha item type წიგნი

არაა ხელმისაწვდომი ეგზემპლარები.